Novela zákonů o nepřímých daních platných v roce 1993.

K najdôležitejším daňovým zákonom patrí zákon ČNR o dani z pridanej hodnoty. Jeho novela, platná od r. 1993, týka sa hlavne týchto častí: poplatníci dane z pridanej hodnoty, vystavovanie daňových dokladov a ich obsah, základ dane, zdaňovacie obdobie, splatnosť dane a daňové priznanie. Penále a pokut...

Descripción completa

Guardado en:
Detalles Bibliográficos
Autor principal: Guoth, J.
Formato: Capítulo de libro
Lenguaje:checo
Materias:
Etiquetas: Agregar Etiqueta
Sin Etiquetas, Sea el primero en etiquetar este registro!

MARC

LEADER 00000naa a2200000 4500
001 r011949
005 20220826094438.5
041 0 |a cze 
044 |a CZ 
245 1 0 |a Novela zákonů o nepřímých daních platných v roce 1993.  |c J. Guoth 
520 |a K najdôležitejším daňovým zákonom patrí zákon ČNR o dani z pridanej hodnoty. Jeho novela, platná od r. 1993, týka sa hlavne týchto častí: poplatníci dane z pridanej hodnoty, vystavovanie daňových dokladov a ich obsah, základ dane, zdaňovacie obdobie, splatnosť dane a daňové priznanie. Penále a pokuty. 
610 2 0 |a dane nepriame 
610 2 0 |a dane z hodnoty pridanej 
610 2 0 |a doklady účtovné 
610 2 0 |a priznania daňové 
610 2 0 |a penále 
610 2 0 |a pokuty 
610 2 0 |a Čechy 
610 2 0 |a zákony 
610 2 0 |a 1993 
100 1 |a Guoth, J.